Szállítmányozás a Sanofi Zrt.-nél

Bibliográfiai részletek
Szerző: Franczik Petra
További közreműködők: Bartha Dr. Andrea
Dokumentumtípus: Diplomadolgozat
Kulcsszavak:Szállítmányozás
Sanofi Zrt.
Magyar gyógyszeripari történelem
Közúti fuvarozás
Légi szállítmányozás
Online Access:http://dolgozattar.uni-bge.hu/397

MARC

LEADER 00000nta a2200000 i 4500
001 dolg397
005 20150420144401.0
008 141202suuuu hu om 000 hun d
040 |a BGE Dolgozattár Repozitórium  |b hun 
041 |a hu 
100 1 |a Franczik Petra 
245 1 0 |a Szállítmányozás a Sanofi Zrt.-nél  |c Franczik Petra  |h [elektronikus dokumentum] 
246 1 1 |a Szállítmányozás a Sanofi Zrt.-nél 
695 |a Szállítmányozás 
695 |a Sanofi Zrt. 
695 |a Magyar gyógyszeripari történelem 
695 |a Közúti fuvarozás 
695 |a Légi szállítmányozás 
700 1 |a Bartha Dr. Andrea  |e ths 
856 4 0 |u http://dolgozattar.uni-bge.hu/397/1/Szakdolgozat%20k%C3%A9sz%20-%20Franczik%20Petra.pdf  |z Dokumentum-elérés